000 00800cam a2200253 a 4500
999 _c9194
_d9194
001 8194178
003 GBCCL
005 20241126110707.0
008 820120s1982 ilua b 001 eng
010 _a82001389
020 _a0891915729 (pbk.)
_z0891915759
040 _aDLC
_cDLC
_dDAY
043 _an-us---
082 0 _a342.730852
_a347.302852
_219
_bWHI
100 1 _aWhitehead, John W.,
_d1946-
_916000
245 1 4 _aThe second American revolution /
_cJohn W. Whitehead ; illustrated by Wayne Stayskal
260 _aElgin, Ill. :
_bD.C. Cook Pub.,
_cc1982
300 _a253 p. :
_bill. ;
_c25 cm
500 _aIncludes index
504 _aBibliography: p. [229]-246
650 0 _aFreedom of religion
_zUnited States
_916001
650 0 _aChurch and state
_zUnited States
_91009
942 _2ddc
_cBK